Detalles MARC
| 000 -LEADER |
| campo de control de longitud fija |
03467cam a22005534i 4500 |
| 003 - IDENTIFICADOR DE NÚMERO DE CONTROL |
| campo de control |
PE-LiUPU |
| 005 - FECHA Y HORA DE LA ÚLTIMA TRANSACCIÓN |
| campo de control |
20250731184509.0 |
| 008 - DATOS DE LONGITUD FIJA--INFORMACIÓN GENERAL |
| campo de control de longitud fija |
141017r20151999xxu eng d |
| 020 ## - NÚMERO INTERNACIONAL ESTÁNDAR DEL LIBRO |
| Número Internacional Estándar del Libro |
162837036X |
| 020 ## - NÚMERO INTERNACIONAL ESTÁNDAR DEL LIBRO |
| Número Internacional Estándar del Libro |
9781628370362 |
| 035 ## - NÚMERO DE CONTROL DEL SISTEMA |
| Número de control de sistema |
(Sirsi) i9781628370362 |
| 040 ## - FUENTE DE CATALOGACIÓN |
| Centro catalogador/agencia de origen |
BTCTA |
| Lengua de catalogación |
spa |
| Centro/agencia transcriptor |
BTCTA |
| Centro/agencia modificador |
YDXCP |
| -- |
SYB |
| -- |
OCLCF |
| -- |
CDX |
| -- |
PE-LiUPU |
| Normas de descripción |
rda |
| 082 04 - NÚMERO DE LA CLASIFICACIÓN DECIMAL DEWEY |
| Número de clasificación |
935 |
| Cutter |
H21 |
| Número de edición |
23 |
| 245 00 - MENCIÓN DEL TÍTULO |
| Título |
Handbook of Ugaritic Studies / |
| Mención de responsabilidad, etc. |
edited by Wilfred G. E. Watson and Nicolas Wyatt. |
| 246 1# - FORMA VARIANTE DEL TITULO |
| Texto de visualización |
Title on cover : |
| Título propio/Titulo breve |
HdO |
| Resto del título |
Handbook of Ugartic studies |
| 264 #1 - PRODUCCIÓN, PUBLICACIÓN, DISTRIBUCIÓN, FABRICACIÓN Y COPYRIGHT |
| Producción, publicación, distribución, fabricación y copyright |
Atlanta, |
| Nombre del de productor, editor, distribuidor, fabricante |
SBL Press : |
| Fecha de producción, publicación, distribución, fabricación o copyright |
[1999]. |
| 300 ## - DESCRIPCIÓN FÍSICA |
| Extensión |
xii, 892 páginas : |
| Otras características físicas |
ilustraciones ; |
| Dimensiones |
23 centímetros. |
| 336 ## - TIPO DE CONTENIDO |
| Término de tipo de contenido |
text |
| Fuente |
rdacontent |
| 337 ## - TIPO DE MEDIO |
| Nombre/término del tipo de medio |
unmediated |
| Fuente |
rdamedia |
| 338 ## - TIPO DE SOPORTE |
| Nombre/término del tipo de soporte |
volume |
| Fuente |
rdacarrier |
| 490 0# - MENCIÓN DE SERIE |
| Mención de serie |
Handbook of oriental studies |
| Designación de volumen o secuencia |
Volume 39 |
| 504 ## - NOTA DE BIBLIOGRAFÍA, ETC. |
| Nota de bibliografía, etc. |
Bibliografía : páginas 755-823. |
| 504 ## - NOTA DE BIBLIOGRAFÍA, ETC. |
| Nota de bibliografía, etc. |
Índices: páginas 827-892. |
| 505 0# - NOTA DE CONTENIDO CON FORMATO |
| Nota de contenido con formato |
General introduction / Wilfred Watson, Nicolas Wyatt -- Ras Shamra, Minet el-Beida and Ras Ibn Hani : the material sources / Adrian Curtis -- The syllabic Akkadian texts / Wilfred van Soldt -- The alphabetic Ugaritic tablets / Wayne Pitard -- The Hurrian and Hittite texts / Manfried Dietrich, Walter Mayer -- The decipherment of Ugaritic / Kevin Cathcart -- The Ugaritic script / Manfried Dietrich, Oswald Loretz -- Ugaritic grammar / Josef Tropper -- Ugaritic lexicography / Wilfred Watson -- Ugaritic words in syllabic texts / John Huehnergard -- Ugaritic prose / Meindert Dijkstra -- Ugaritic poetry / Wilfred Watson -- The mythological texts / John Gibson -- The legend of Keret / Barugh Margalit -- The story of Aqhat / Nicolas Wyatt -- The Rpum texts / Wayne Pitard -- The incantations / Klaas Spronk -- The rituals / Paolo Merlo, Paolo Xella -- The offering lists and the god lists / Gregorio del Olmo Lete -- The omen texts / Paolo Xella -- The Ugaritic letters / Jesús-Luis Cunchillos -- The Akkadian letters / John Huenhergard -- The legal texts from Ugarit / Ignacio Márquez Rowe -- The economy of Ugarit / Michael Heltzer -- The society of Ugarit / Juan-Pablo Vita -- The onomastics of Ugarit / Richard Hess -- The religion of Ugarit : an overview / NIcolas Wyatt -- The iconography of Ugarit / Izak Cornelius -- A political history of Ugarit / Itamar Singer -- The current state of Ugaritic studies and technology / Theodore Lewis, Steven Wiggins -- Storage and analysis of the texts / Jesús-Luis Cunchillos. |
| 526 ## - NOTA DE INFORMACIÓN SOBRE EL PROGRAMA DE ESTUDIO |
| Nombre del programa |
Doctorado En Educación Con Mención En Currículo Y Docencia (A Distancia) |
| 526 ## - NOTA DE INFORMACIÓN SOBRE EL PROGRAMA DE ESTUDIO |
| Nombre del programa |
Doctorado En Educación Con Mención En Currículo Y Docencia (Semipresencial) |
| 526 ## - NOTA DE INFORMACIÓN SOBRE EL PROGRAMA DE ESTUDIO |
| Nombre del programa |
Doctorado En Educación Con Mención En Gestión Educativa (A Distancia) |
| 526 ## - NOTA DE INFORMACIÓN SOBRE EL PROGRAMA DE ESTUDIO |
| Nombre del programa |
Doctorado En Educación Con Mención En Gestión Educativa (Semipresencial) |
| 526 ## - NOTA DE INFORMACIÓN SOBRE EL PROGRAMA DE ESTUDIO |
| Nombre del programa |
Derecho semipresencial |
| 526 ## - NOTA DE INFORMACIÓN SOBRE EL PROGRAMA DE ESTUDIO |
| Nombre del programa |
Derecho presencial |
| 526 ## - NOTA DE INFORMACIÓN SOBRE EL PROGRAMA DE ESTUDIO |
| Nombre del programa |
Maestría en teología histórica |
| 526 ## - NOTA DE INFORMACIÓN SOBRE EL PROGRAMA DE ESTUDIO |
| Nombre del programa |
Teología |
| 526 ## - NOTA DE INFORMACIÓN SOBRE EL PROGRAMA DE ESTUDIO |
| Nombre del programa |
Educación primaria |
| 526 ## - NOTA DE INFORMACIÓN SOBRE EL PROGRAMA DE ESTUDIO |
| Nombre del programa |
Educación secundaria, especialidad lingüística e inglés |
| 526 ## - NOTA DE INFORMACIÓN SOBRE EL PROGRAMA DE ESTUDIO |
| Nombre del programa |
Educación secundaria, especialidad ambiental, biología y química |
| 526 ## - NOTA DE INFORMACIÓN SOBRE EL PROGRAMA DE ESTUDIO |
| Nombre del programa |
Arquitectura |
| 596 ## - |
| -- |
1 |
| 650 #0 - PUNTO DE ACCESO ADICIONAL DE MATERIA--TÉRMINO DE MATERIA |
| Término de materia o nombre geográfico como elemento de entrada |
Filología Ugaritic. |
| 650 #0 - PUNTO DE ACCESO ADICIONAL DE MATERIA--TÉRMINO DE MATERIA |
| Término de materia o nombre geográfico como elemento de entrada |
Inscripciones cuneiformes, Ugaritic. |
| 651 #0 - PUNTO DE ACCESO ADICIONAL DE MATERIA--NOMBRE GEOGRÁFICO |
| Nombre geográfico |
Ugarit (Ciudad extinta) |
| 700 1# - ENTRADA AGREGADA--NOMBRE PERSONAL |
| Nombre de persona |
Watson, Wilfred G. E., |
| Término indicativo de función/relación |
editor. |
| 700 1# - ENTRADA AGREGADA--NOMBRE PERSONAL |
| Nombre de persona |
Wyatt, N. |
| Forma completa/desarrollada del nombre |
(Nick), |
| Término indicativo de función/relación |
editor. |
| 910 ## - DATOS DE OPCIÓN DEL USUARIO (OCLC) |
| Datos de opción del usuario |
jck |
| -- |
ebj |
| -- |
ebj |
| -- |
20160613 |
| 942 ## - ELEMENTOS DE ENTRADA SECUNDARIOS (KOHA) |
| Fuente del sistema de clasificación o colocación |
Clasificación Decimal Dewey |
| Tipo de ítem Koha |
|
| 949 ## - PROCESAMIENTO DE INFORMACIÓN LOCAL (OCLC) |
| a |
935 H21 |
| w |
DEWEY |
| c |
1 |
| i |
73630 |
| l |
CCODEBUL1 |
| m |
BUL |
| p |
75.00 |
| r |
0 |
| s |
Y |
| t |
BOOK |
| u |
2016-6-13 |
| x |
TEOLOGIA |
| -- |
P35 |
| 0 |
COMPRA |
| o |
.STAFF. Colección General Teología |
| 994 ## - |
| -- |
C0 |
| -- |
PEPRU |
| 999 ## - NÚMEROS DE CONTROL DE SISTEMA (KOHA) |
| -- |
DEWEY |
| -- |
73630 |
| -- |
2021-11-11 |
| -- |
5 |
| -- |
CCODEBUL1 |
| -- |
BUL |
| -- |
75.00 |
| -- |
0 |
| -- |
Y |
| -- |
BOOK |
| -- |
2016-6-13 |
| -- |
TEOLOGIA |
| -- |
P35 |
| -- |
COMPRA |
| -- |
.STAFF. Colección General Teología |
| 980 ## - EQUIVALENCIA O REFERENCIA-CRUZADA-MENCIÓN DE SERIE--NOMBRE DE PERSONA/TÍTULO [LOCAL, CANADÁ] |
| ID del último usuario que modificó el registro |
1 |
| Nombre del último usuario que modificó el registro |
ALBERTO SANCHEZ Responsable de Automatización |